Statistics for U.S. States with the Most Global Cities

Click here to take the quiz!

General Stats

  • This quiz has been taken 83 times
  • The average score is 5 of 6

Answers on the Map

Answers color-coded by a green-red scale on the quiz's map according to % correct below.
 

Answer Stats

HintAnswer% Correct
3New York
100%
6California
99%
4Florida
99%
4Texas
99%
3Ohio
78%
3Pennsylvania
75%

Score Distribution

Percentile by Number Answered

Percent of People with Each Score

Your Score History

You have not taken this quiz